Statystyki dla Kraje których obecne tereny miała kiedykolwiek Polska

Kliknij tutaj aby rozwiązać quiz!

Ogólne statystyki

  • Ten quiz został rozwiązany 1 026 razy
  • Średni wynik to 11 z 14

Statystyki odpowiedzi

Odpowiedź% Poprawnych
Rosja
99%
Czechy
98%
Litwa
98%
Niemcy
98%
Słowacja
97%
Łotwa
96%
Ukraina
96%
Estonia
93%
Białoruś
92%
Rumunia
79%
Mołdawia
75%
Polska
45%
Trynidad i Tobago
28%
Gambia
26%

Rozkład punktacji

Percentyl według liczby udzielonych odpowiedzi

Procent ludzi z każdym wynikiem

Twoja historia wyników

Nie rozwiązałeś tego quizu